CENTRUM DOKUMENTÁRNÍHO FILMU KNIHOVNA

logo MFDF Ji.hlavalogo DOK.REVUElogo Inspirační fórum

V domě je příšera : (Záznam č. 1877)

Podrobnosti MARC
000 -LEADER
kontrolní pole pevné délky 03550nam a2201201 i 4500
001 - ŘÍDÍCÍ ČÍSLO
kontrolní pole nkc20253678463
003 - CONTROL NUMBER IDENTIFIER
kontrolní pole CZ PrSKC
005 - DATUM A ČAS POSLEDNÍHO ZPRACOVÁNÍ
kontrolní pole 20260424143755.0
007 - FYZICKÝ POPIS - SPECIFIKACE PRO TIŠTĚNÝ ČI RUKOPISNÝ (OKEM ČITELNÝ) TEXT
kontrolní pole pevné délky ta
008 - SPECIFIKACE PRO KNIHY A POKRAČUJÍCÍ ZDROJE
kontrolní pole pevné délky 250325s2025 xr a e f 000 0 cze
015 ## - ČÍSLO NÁRODNÍ BIBLIOGRAFIE
Číslo národní bibliografie cnb003678463
020 ## - MEZINÁRODNÍ STANDARDNÍ ČÍSLO KNIHY (ISBN)
ISBN 9788076375444
Kvalifikátor (vázáno)
035 ## - SYSTEM CONTROL NUMBER
System control number (OCoLC)1519101705
040 ## - CATALOGING SOURCE (Původ katalogizace)
Agentura zajišťující původní katalogizaci OLA001
Jazyk katalogizace cze
Použitá pravidla popisu rda
045 ## - ČASOVÉ OBDOBÍ OBSAHU DOKUMENTU
Kód časového období x-y-
072 #7 - SKUPINA KONSPEKTU
Klasifikační znak skupiny Konspektu 791
Slovní vyjádření skupiny Konspektu Film. Cirkus. Lidová zábava
Zdroj Konspekt
080 ## - MEZINÁRODNÍ DESETINNÉ TŘÍDĚNÍ
Klasifikační znak MDT 791.221.9
Vydání MRF
080 ## - MEZINÁRODNÍ DESETINNÉ TŘÍDĚNÍ
Klasifikační znak MDT 82-312.4
Vydání MRF
080 ## - MEZINÁRODNÍ DESETINNÉ TŘÍDĚNÍ
Klasifikační znak MDT 791.32.072.3
Vydání MRF
080 ## - MEZINÁRODNÍ DESETINNÉ TŘÍDĚNÍ
Klasifikační znak MDT 82-95
Vydání MRF
080 ## - MEZINÁRODNÍ DESETINNÉ TŘÍDĚNÍ
Klasifikační znak MDT (0.062)
Vydání MRF
100 1# - HLAVNI ZÁHLAVÍ - OSOBNÍ JMÉNO
Osobní jméno Tesař, Antonín,
Data související se jménem 1983-
Relationship aut
245 10 - ÚDAJE O NÁZVU
Název V domě je příšera :
Další údaje o názvu proč se nebát hororu v literatuře a filmu /
Údaje o odpovědnosti Antonín Tesař
250 ## - ÚDAJE O VYDÁNÍ
Označení vydání Vydání první
264 #1 - PRODUCTION, PUBLICATION, DISTRIBUTION, MANUFACTURE, AND COPYRIGHT NOTICE
Place of production, publication, distribution, manufacture V Praze :
Name of producer, publisher, distributor, manufacturer Paseka,
Date of production, publication, distribution, manufacture, or copyright notice 2025
300 ## - FYZICKÝ POPIS
Rozsah 348 stran :
Další fyzické údaje ilustrace ;
Rozměry 21 cm
336 ## - CONTENT TYPE
Content type term text
Content type code txt
Zdroj rdacontent
337 ## - MEDIA TYPE
Media type term bez média
Media type code n
Zdroj rdamedia
338 ## - CARRIER TYPE
Carrier type term svazek
Carrier type code nc
Zdroj rdacarrier
504 ## - POZNÁMKA O BIBLIOGRAFII, ATD.
Bibliography, etc. note Obsahuje bibliografii a bibliografické odkazy
520 2# - ABSTRAKT, ATD.
Text poznámky Filmový publicista a kritik se v knize zaměřuje na různorodost hororu, jeho kulturní kontexty a vývojové linie. V publikaci se snaží vyvrátit předsudky spojené s hororem a představit jej jako komplexní žánr s hlubšími významy.
Rozšířený text poznámky Horor je celý svět, v němž se dá bydlet. Všichni se totiž něčeho bojíme. Kniha předního kritika a fanouška hororů Antonína Tesaře zavede čtenáře do nejrůznějších filmových i literárních končin tohoto žánru a ukáže, jak neobyčejně pestrý a široký může být. Nakladatelská anotace. Kráceno.
648 #7 - VEDLEJŠÍ VĚCNÉ ZÁHLAVÍ - CHRONOLOGICKÝ TERMÍN
Chronologický termín 20.-21. století
Zdroj záhlaví nebo termínu czenas
650 07 - VEDLEJŠÍ VĚCNÉ ZÁHLAVÍ - VĚCNÉ TÉMA
Topical term or geographic name entry element filmové horory
Chronologické zpřesnění 20.-21. století
Zdroj záhlaví nebo termínu czenas
650 07 - VEDLEJŠÍ VĚCNÉ ZÁHLAVÍ - VĚCNÉ TÉMA
Topical term or geographic name entry element horor (literatura)
Chronologické zpřesnění 20.-21. století
Zdroj záhlaví nebo termínu czenas
650 07 - VEDLEJŠÍ VĚCNÉ ZÁHLAVÍ - VĚCNÉ TÉMA
Topical term or geographic name entry element filmová kritika
Zdroj záhlaví nebo termínu czenas
650 07 - VEDLEJŠÍ VĚCNÉ ZÁHLAVÍ - VĚCNÉ TÉMA
Topical term or geographic name entry element literární kritika
Zdroj záhlaví nebo termínu czenas
650 09 - VEDLEJŠÍ VĚCNÉ ZÁHLAVÍ - VĚCNÉ TÉMA
Topical term or geographic name entry element horror films
Chronologické zpřesnění 20th-21st centuries
Zdroj záhlaví nebo termínu eczenas
650 09 - VEDLEJŠÍ VĚCNÉ ZÁHLAVÍ - VĚCNÉ TÉMA
Topical term or geographic name entry element horror literature
Chronologické zpřesnění 20th-21st centuries
Zdroj záhlaví nebo termínu eczenas
650 09 - VEDLEJŠÍ VĚCNÉ ZÁHLAVÍ - VĚCNÉ TÉMA
Topical term or geographic name entry element film criticism
Zdroj záhlaví nebo termínu eczenas
650 09 - VEDLEJŠÍ VĚCNÉ ZÁHLAVÍ - VĚCNÉ TÉMA
Topical term or geographic name entry element literary criticism
Zdroj záhlaví nebo termínu eczenas
655 #7 - REJSTŘÍKOVÝ TERMÍN -- žánr/forma
Žánr/forma či základní termín populárně-naučné publikace
Source of term czenas
655 #9 - REJSTŘÍKOVÝ TERMÍN -- žánr/forma
Žánr/forma či základní termín popular works
Source of term eczenas
900 ## - EQUIVALENCE OR CROSS-REFERENCE-PERSONAL NAME [LOCAL, CANADA]
Římské číslice 19
910 ## - USER-OPTION DATA (OCLC)
User-option data ABA001
910 ## - USER-OPTION DATA (OCLC)
User-option data ABA007
910 ## - USER-OPTION DATA (OCLC)
User-option data ABA010
910 ## - USER-OPTION DATA (OCLC)
User-option data ABB060
910 ## - USER-OPTION DATA (OCLC)
User-option data ABD001
910 ## - USER-OPTION DATA (OCLC)
User-option data ABD005
910 ## - USER-OPTION DATA (OCLC)
User-option data ABD020
910 ## - USER-OPTION DATA (OCLC)
User-option data ABE334
910 ## - USER-OPTION DATA (OCLC)
User-option data ABG001
910 ## - USER-OPTION DATA (OCLC)
User-option data ABG006
910 ## - USER-OPTION DATA (OCLC)
User-option data BEG001
910 ## - USER-OPTION DATA (OCLC)
User-option data BNG001
910 ## - USER-OPTION DATA (OCLC)
User-option data BOA001
910 ## - USER-OPTION DATA (OCLC)
User-option data BOD001
910 ## - USER-OPTION DATA (OCLC)
User-option data BOD026
910 ## - USER-OPTION DATA (OCLC)
User-option data BOG001
910 ## - USER-OPTION DATA (OCLC)
User-option data BVG001
910 ## - USER-OPTION DATA (OCLC)
User-option data CBA001
910 ## - USER-OPTION DATA (OCLC)
User-option data CBD007
910 ## - USER-OPTION DATA (OCLC)
User-option data CRG001
910 ## - USER-OPTION DATA (OCLC)
User-option data DCG302
910 ## - USER-OPTION DATA (OCLC)
User-option data HBG001
910 ## - USER-OPTION DATA (OCLC)
User-option data HKG001
910 ## - USER-OPTION DATA (OCLC)
User-option data JCG001
910 ## - USER-OPTION DATA (OCLC)
User-option data JHG001
910 ## - USER-OPTION DATA (OCLC)
User-option data JHG503
910 ## - USER-OPTION DATA (OCLC)
User-option data JIG001
910 ## - USER-OPTION DATA (OCLC)
User-option data KAG503
910 ## - USER-OPTION DATA (OCLC)
User-option data KLG001
910 ## - USER-OPTION DATA (OCLC)
User-option data KLG002
910 ## - USER-OPTION DATA (OCLC)
User-option data KOG001
910 ## - USER-OPTION DATA (OCLC)
User-option data KVG001
910 ## - USER-OPTION DATA (OCLC)
User-option data KVG501
910 ## - USER-OPTION DATA (OCLC)
User-option data LIA001
910 ## - USER-OPTION DATA (OCLC)
User-option data LNG001
910 ## - USER-OPTION DATA (OCLC)
User-option data MOG001
910 ## - USER-OPTION DATA (OCLC)
User-option data NBG505
910 ## - USER-OPTION DATA (OCLC)
User-option data NJG001
910 ## - USER-OPTION DATA (OCLC)
User-option data OLA001
910 ## - USER-OPTION DATA (OCLC)
User-option data OLG001
910 ## - USER-OPTION DATA (OCLC)
User-option data OPG001
910 ## - USER-OPTION DATA (OCLC)
User-option data OPG503
910 ## - USER-OPTION DATA (OCLC)
User-option data OSA001
910 ## - USER-OPTION DATA (OCLC)
User-option data OSG002
910 ## - USER-OPTION DATA (OCLC)
User-option data PAG001
910 ## - USER-OPTION DATA (OCLC)
User-option data PBG001
910 ## - USER-OPTION DATA (OCLC)
User-option data PNA001
910 ## - USER-OPTION DATA (OCLC)
User-option data PRG001
910 ## - USER-OPTION DATA (OCLC)
User-option data SUG001
910 ## - USER-OPTION DATA (OCLC)
User-option data SVG001
910 ## - USER-OPTION DATA (OCLC)
User-option data TAG001
910 ## - USER-OPTION DATA (OCLC)
User-option data TPG503
910 ## - USER-OPTION DATA (OCLC)
User-option data UHG001
910 ## - USER-OPTION DATA (OCLC)
User-option data ULG001
910 ## - USER-OPTION DATA (OCLC)
User-option data VSG502
910 ## - USER-OPTION DATA (OCLC)
User-option data ZLG001
910 ## - USER-OPTION DATA (OCLC)
User-option data ZNG001
910 ## - USER-OPTION DATA (OCLC)
User-option data ZRG503
942 ## - PŘIDANÉ VEDLEJŠÍ ZÁHLAVÍ (KOHA)
Source of classification or shelving scheme Dewey Decimal Classification
Koha item type Kniha
Suppress in OPAC No
Jednotky
Datum poslední evidence Přírůstkové číslo Total Checkouts Signatura Čárový kód Cena effektivně od Koha item type Stav ztráty Source of classification or shelving scheme Stav poškození Nelze vypůjčit Stav zrušení Home library Current library Umístění Datum zapsání
24.04.2026 1877   942/1877/TES 942/1877/TES 24.04.2026 Kniha   Dewey Decimal Classification       Centrum dokumentárního filmu Centrum dokumentárního filmu Dokumentární kniha 942 24.04.2026